Maharaja : (Record no. 331182)
[ view plain ]
| 000 -LEADER | |
|---|---|
| fixed length control field | 01592cam a22003857a 4500 |
| 001 - CONTROL NUMBER | |
| control field | 15627214 |
| 003 - CONTROL NUMBER IDENTIFIER | |
| control field | NUST |
| 005 - DATE AND TIME OF LATEST TRANSACTION | |
| control field | 20170921112914.0 |
| 008 - FIXED-LENGTH DATA ELEMENTS--GENERAL INFORMATION | |
| fixed length control field | 090217s2009 enkab bc 001 0 eng |
| 010 ## - LIBRARY OF CONGRESS CONTROL NUMBER | |
| LC control number | 2009923078 |
| 015 ## - NATIONAL BIBLIOGRAPHY NUMBER | |
| National bibliography number | GBA962656 |
| Source | bnb |
| 016 7# - NATIONAL BIBLIOGRAPHIC AGENCY CONTROL NUMBER | |
| Record control number | 015297582 |
| Source | Uk |
| 020 ## - INTERNATIONAL STANDARD BOOK NUMBER | |
| International Standard Book Number | 9781851775736 (hbk.) |
| 020 ## - INTERNATIONAL STANDARD BOOK NUMBER | |
| International Standard Book Number | 1851775730 (hbk.) |
| 035 ## - SYSTEM CONTROL NUMBER | |
| System control number | (OCoLC)ocn317927157 |
| 040 ## - CATALOGING SOURCE | |
| Original cataloging agency | UKM |
| Transcribing agency | UKM |
| Modifying agency | BTCTA |
| -- | BWKUK |
| -- | DLC |
| 042 ## - AUTHENTICATION CODE | |
| Authentication code | lccopycat |
| 043 ## - GEOGRAPHIC AREA CODE | |
| Geographic area code | a-ii--- |
| 050 00 - LIBRARY OF CONGRESS CALL NUMBER | |
| Classification number | N7301 |
| Item number | .M33 2009 |
| 082 04 - DEWEY DECIMAL CLASSIFICATION NUMBER | |
| Classification number | 709.54074421 |
| Author Mark | MAH |
| 245 00 - TITLE STATEMENT | |
| Title | Maharaja : |
| Remainder of title | the splendour of India's royal courts / |
| Statement of responsibility, etc. | edited by Anna Jackson and Amin Jaffer ; with Deepika Ahlawat. |
| 260 ## - PUBLICATION, DISTRIBUTION, ETC. | |
| Place of publication, distribution, etc. | London : |
| Name of publisher, distributor, etc. | V&A Pub. ; |
| Place of publication, distribution, etc. | New York : |
| Name of publisher, distributor, etc. | Distributed in North America by Harry N. Abrams, |
| Date of publication, distribution, etc. | 2009. |
| 300 ## - PHYSICAL DESCRIPTION | |
| Extent | 240 p. : |
| Other physical details | col. ill., maps ; |
| Dimensions | 32 cm. |
| 500 ## - GENERAL NOTE | |
| General note | Published to accompany the exhibition Maharaja held at the V&A, 10th Oct. 2009-17th Jan. 2010. |
| 504 ## - BIBLIOGRAPHY, ETC. NOTE | |
| Bibliography, etc. note | Includes bibliographical references and index. |
| 650 #0 - SUBJECT ADDED ENTRY--TOPICAL TERM | |
| Topical term or geographic name entry element | Art, Indic |
| Form subdivision | Exhibitions. |
| 9 (RLIN) | 4744 |
| 651 #0 - SUBJECT ADDED ENTRY--GEOGRAPHIC NAME | |
| Geographic name | India |
| General subdivision | Kings and rulers |
| Form subdivision | Exhibitions. |
| 9 (RLIN) | 4745 |
| 651 #0 - SUBJECT ADDED ENTRY--GEOGRAPHIC NAME | |
| Geographic name | India |
| General subdivision | Civilization |
| Form subdivision | Exhibitions. |
| 9 (RLIN) | 4746 |
| 651 #0 - SUBJECT ADDED ENTRY--GEOGRAPHIC NAME | |
| Geographic name | India |
| General subdivision | Social life and customs |
| Form subdivision | Exhibitions. |
| 9 (RLIN) | 4747 |
| 700 1# - ADDED ENTRY--PERSONAL NAME | |
| Personal name | Jackson, Anna |
| Fuller form of name | (Anna M. F.) |
| 9 (RLIN) | 4748 |
| 700 1# - ADDED ENTRY--PERSONAL NAME | |
| Personal name | Jaffer, Amin. |
| 9 (RLIN) | 4749 |
| 710 2# - ADDED ENTRY--CORPORATE NAME | |
| Corporate name or jurisdiction name as entry element | Victoria and Albert Museum. |
| 9 (RLIN) | 4750 |
| 906 ## - LOCAL DATA ELEMENT F, LDF (RLIN) | |
| a | 7 |
| b | cbc |
| c | copycat |
| d | 2 |
| e | ncip |
| f | 20 |
| g | y-gencatlg |
| 942 ## - ADDED ENTRY ELEMENTS (KOHA) | |
| Source of classification or shelving scheme | |
| Koha item type | Book |
| Withdrawn status | Lost status | Source of classification or shelving scheme | Damaged status | Not for loan | Collection code | Permanent Location | Current Location | Shelving location | Date acquired | Total Checkouts | Full call number | Barcode | Date last seen | Copy number | Price effective from | Koha item type |
|---|---|---|---|---|---|---|---|---|---|---|---|---|---|---|---|---|
| Central Library (CL) | Central Library (CL) | Book Cart | 09/21/2017 | 709.54074421 MAH | CL2346 | 09/21/2017 | 1 | 09/21/2017 | Book |
